II. celoslovenská výstava ľudovej výtvarnej tvorivosti v Prešove 9. - 18. apríla 1953

Bibliographic Details
Main Author: Kalesný, František, 1918-2007 (Author)
Format: Book
Language:Slovak
PhysicalDescription:14, [1] s. 13 s. obráz.
Published: [S.l.] [s.n.] 1953
Edition:1. vyd.
Subjects:

MARC

LEADER 00000cam a2200000 a 4500
001 vtls001454866
003 SK-MaSNL
005 20260301013950.0
008 240318s1953 xo a 00000 slo
035 |a SNK000410173 
040 |a SNK  |b slo  |c SNK  |e AACR2 
041 0 |a slo 
044 |a xo  |c SK 
100 1 |a Kalesný, František,  |d 1918-2007  |4 aut  |9 38489 
245 1 0 |a II. celoslovenská výstava ľudovej výtvarnej tvorivosti v Prešove 9. - 18. apríla 1953  |c [František Kalesný] 
250 |a 1. vyd. 
260 |a [S.l.]  |b [s.n.]  |c 1953 
300 |a 14, [1] s.  |b 13 s. obráz. 
650 0 7 |a ľudová tvorivosť  |2 SNKPH  |9 301528 
650 0 7 |a výtvarná tvorivosť  |2 SNKPH  |9 301529 
852 |a Slovenská národná knižnica v Martine  |b 10000  |h SD 8845 
999 |c 557457  |d 559387 
952 |a SNK  |b SNK  |y VYP  |7 0  |p 17A1150987  |o snkSD 8845 D1  |3 rekatalogizácia  |0 0  |1 0  |4 0  |d 2016-08-12  |l 0  |r 2026-02-23 13:30:17  |w 2026-02-23